BOZP pri špeciálnych stavebných prácach

Bezpečnostné opatrenia pri prevádzke vrátka. Jednoduchá kladka na ručné zdvíhanie. Kladkostroj a zdvihák. Bezpečná prevádzka stavebného výťahu. Zabezpečenie stroja pri prerušení a ukončení prác. Preprava stroja. Práce súvisiace so stavebnými prácami (manipulácia s bremenom, práca s afaltom, sklenárs...

Ausführliche Beschreibung

Gespeichert in:
Bibliographische Detailangaben
1. Verfasser: Tichý, Miroslav
Format: Buchkapitel
Sprache:Slowakisch
Schlagworte:
Tags: Tag hinzufügen
Keine Tags, Fügen Sie das erste Tag hinzu!

MARC

LEADER 00000naa a2200000 4500
001 0248624
005 20181106091234.3
041 0 |a slo 
044 |a SK 
245 1 0 |a BOZP pri špeciálnych stavebných prácach  |c Miroslav Tichý 
520 |a Bezpečnostné opatrenia pri prevádzke vrátka. Jednoduchá kladka na ručné zdvíhanie. Kladkostroj a zdvihák. Bezpečná prevádzka stavebného výťahu. Zabezpečenie stroja pri prerušení a ukončení prác. Preprava stroja. Práce súvisiace so stavebnými prácami (manipulácia s bremenom, práca s afaltom, sklenárske práce, maliarske a natieračské práce, zváranie). 
610 2 0 |a stavby 
610 2 0 |a stavebníctvo 
610 2 0 |a práca 
610 2 0 |a ochrana zdravia 
610 2 0 |a bezpečnosť práce 
610 2 0 |a manipulácia s materiálom 
610 2 0 |a stroje stavebné 
610 2 0 |a legislatíva 
610 2 0 |a zamestnávatelia 
610 2 0 |a zamestnanci 
100 1 |a Tichý, Miroslav